| 000 | 00701nam a2200217 u 4500 | ||
|---|---|---|---|
| 005 | 20210223133253.0 | ||
| 008 | 170508s2014 r 000 0 eng d | ||
| 020 | _a9786078351060 (CIDCLI) | ||
| 020 | _a9786075168685 (CONACULTA) | ||
| 035 | _aUPN01000217567 | ||
| 049 | _aCG | ||
| 050 | 4 |
_aQ143 H8 _bJ3.2 |
|
| 100 | 1 |
_aJanota, Tom, _d1948- _940393 |
|
| 245 | 1 | 0 |
_aAlexander von Humboldt : _bun explorador científico en América / _cTom Janota ; il. Marion Janin ; tr. Juan Elías Tovar Cross. |
| 260 |
_aMéxico : _bCIDCLI : _bCONACULTA, _c2014. |
||
| 300 |
_a63 p. : _bil. |
||
| 440 | 3 | _aLa saltapared | |
| 600 | 1 | 4 |
_aHUMBOLDT, ALEXANDER VON, _d1769-1859 |
| 905 | _aLibro | ||
| 999 |
_c189667 _d189667 |
||